[Event "Oberliga Ost B"]
[Site "?"]
[Date "2022.03.06"]
[Round "9.3"]
[White "Dubkov, Andrej"]
[Black "Meyer, Kai Christian"]
[Result "1/2-1/2"]
[WhiteElo "2332"]
[BlackElo "2230"]
[PlyCount "100"]
[EventDate "2021.10.10"]
[EventType "team-tourn"]
[EventCountry "GER"]
[WhiteTeam "Wiesbadener SV"]
[BlackTeam "Schoeneck SF"]
[WhiteTeamCountry "GER"]
[BlackTeamCountry "GER"]

1. d4 d5 2. c4 c6 3. cxd5 cxd5 4. Bf4 Nc6 5. e3 Nf6 6. Nc3 a6 7. Be2 e6 8. Rc1
Bd6 9. Bxd6 Qxd6 10. f4 b5 11. Nf3 Bb7 12. Ne5 Na5 13. Bd3 Nc4 14. Qe2 Qb4 15.
O-O O-O 16. a3 Qd6 17. a4 Qb4 18. Rf2 g6 19. Bb1 bxa4 20. Nd3 Qa5 21. Nc5 Bc6
22. Bd3 Bb5 23. N3xa4 Qb4 24. Nc3 Rfb8 25. Bxc4 Bxc4 26. Qf3 h5 27. h3 Kg7 28.
Rcc2 h4 29. Kh2 a5 30. e4 dxe4 31. N5xe4 Bd5 32. Nxd5 Nxd5 33. Ng5 Qxd4 34. Qg4
Ra7 35. Qxh4 Rh8 36. Qg3 Qe3 37. Rf3 Qd4 38. f5 exf5 39. Rxf5 Re8 40. Rcf2 f6
41. Nf3 Qd3 42. Rh5 Ne3 43. Rxa5 Nf1+ 44. Rxf1 Rxa5 45. Qc7+ Kg8 46. Qxa5 Qxf1
47. Qd5+ Kf8 48. Qd6+ Kf7 49. Qd5+ Kf8 50. Qd6+ Kf7 1/2-1/2

[Event "Oberliga Ost B"]
[Site "?"]
[Date "2022.03.06"]
[Round "9.4"]
[White "Kirchner, Markus"]
[Black "Bakiev, Diyor"]
[Result "0-1"]
[WhiteElo "1963"]
[BlackElo "2147"]
[PlyCount "44"]
[EventDate "2021.10.10"]
[EventType "team-tourn"]
[EventCountry "GER"]
[WhiteTeam "Schoeneck SF"]
[BlackTeam "Wiesbadener SV"]
[WhiteTeamCountry "GER"]
[BlackTeamCountry "GER"]

1. f4 d5 2. Nf3 c5 3. g3 Nc6 4. Bg2 Nf6 5. d3 g6 6. O-O Bg7 7. Qe1 O-O 8. e4
dxe4 9. dxe4 e5 10. Nxe5 Nxe5 11. fxe5 Ng4 12. Nc3 Be6 13. Nd5 Bxe5 14. h3 Bxd5
15. hxg4 Bc4 16. Rf3 Qd7 17. g5 Bd4+ 18. Kh2 Qg4 19. Rf4 Qxg5 20. e5 Bxe5 21.
Rxc4 Qh5+ 22. Bh3 Bd4 0-1

[Event "Oberliga Ost B"]
[Site "?"]
[Date "2022.03.06"]
[Round "9.5"]
[White "Gottschalk, Jens"]
[Black "Weiss, Matthias"]
[Result "1/2-1/2"]
[WhiteElo "2265"]
[BlackElo "2040"]
[PlyCount "28"]
[EventDate "2021.10.10"]
[EventType "team-tourn"]
[EventCountry "GER"]
[WhiteTeam "Wiesbadener SV"]
[BlackTeam "Schoeneck SF"]
[WhiteTeamCountry "GER"]
[BlackTeamCountry "GER"]

1. d4 Nf6 2. c4 g6 3. Nc3 d5 4. cxd5 Nxd5 5. e4 Nxc3 6. bxc3 Bg7 7. Bc4 c5 8.
Ne2 cxd4 9. cxd4 Nc6 10. Be3 Qa5+ 11. Qd2 O-O 12. Qxa5 Nxa5 13. Bd3 Rd8 14. Rc1
Nc6 1/2-1/2

[Event "Oberliga Ost B"]
[Site "?"]
[Date "2022.03.06"]
[Round "9.7"]
[White "Wichmann, Daniel"]
[Black "Jung, Kenny"]
[Result "1/2-1/2"]
[WhiteElo "2173"]
[BlackElo "1480"]
[PlyCount "65"]
[EventDate "2021.10.10"]
[EventType "team-tourn"]
[EventCountry "GER"]
[WhiteTeam "Wiesbadener SV"]
[BlackTeam "Schoeneck SF"]
[WhiteTeamCountry "GER"]
[BlackTeamCountry "GER"]

1. e4 e5 2. Nc3 Nf6 3. Bc4 Nc6 4. d3 Bc5 5. f4 d6 6. Nf3 Bg4 7. Na4 Bb6 8. Nxb6
axb6 9. O-O Na5 10. fxe5 Bxf3 11. Qxf3 dxe5 12. c3 Nxc4 13. dxc4 h6 14. Qg3 Qd6
15. Qxg7 Ke7 16. Qg3 Nxe4 17. Qh4+ Nf6 18. Be3 Rag8 19. Rf2 Rg4 20. Qh3 Rg6 21.
Raf1 Rhg8 22. Qh4 Qe6 23. g3 R8g7 24. c5 b5 25. b3 Qg4 26. Qxg4 Nxg4 27. Re2
Nxe3 28. Rxe3 Re6 29. Rd1 f5 30. Red3 Kf6 31. Rd7 Ree7 32. Rxe7 Kxe7 33. Kf2
1/2-1/2

[Event "Oberliga Ost B"]
[Site "?"]
[Date "2022.04.02"]
[Round "10.3"]
[White "Heinke, Jasper"]
[Black "Dubkov, Andrej"]
[Result "0-1"]
[WhiteElo "2034"]
[BlackElo "2332"]
[PlyCount "48"]
[EventDate "2021.10.10"]
[EventType "team-tourn"]
[EventCountry "GER"]
[WhiteTeam "Erfurt SV Empor"]
[BlackTeam "Wiesbadener SV"]
[WhiteTeamCountry "GER"]
[BlackTeamCountry "GER"]

1. e4 d5 2. exd5 Qxd5 3. Nc3 Qa5 4. d4 Nf6 5. Bd2 Bg4 6. f3 Bd7 7. Bc4 Qb6 8.
Qe2 Nc6 9. O-O-O Nxd4 10. Qe5 e6 11. Be3 Nc6 12. Qf4 Bc5 13. Bxc5 Qxc5 14. Qxc7
Qxc4 15. Ne4 O-O 16. b3 Qb4 17. Nxf6+ gxf6 18. Rxd7 Ne5 19. Rd1 Rac8 20. Qd6
Qc3 21. Kb1 Qxc2+ 22. Ka1 Qxg2 23. f4 Ng6 24. f5 Rc2 0-1

[Event "Oberliga Ost B"]
[Site "?"]
[Date "2022.04.02"]
[Round "10.4"]
[White "Bakiev, Diyor"]
[Black "Rempel, Patrick"]
[Result "1-0"]
[WhiteElo "2147"]
[BlackElo "2063"]
[PlyCount "77"]
[EventDate "2021.10.10"]
[EventType "team-tourn"]
[EventCountry "GER"]
[WhiteTeam "Wiesbadener SV"]
[BlackTeam "Erfurt SV Empor"]
[WhiteTeamCountry "GER"]
[BlackTeamCountry "GER"]

1. e4 e5 2. Nf3 Nc6 3. d4 exd4 4. Bc4 Bc5 5. c3 Nf6 6. cxd4 Bb4+ 7. Bd2 Bxd2+
8. Nbxd2 d5 9. exd5 Nxd5 10. Qb3 Nce7 11. O-O O-O 12. Ne5 c6 13. Rfe1 Qb6 14.
Qa3 Nf5 15. Nb3 Be6 16. Nc5 Rad8 17. Nf3 Bc8 18. Rad1 Nd6 19. Bxd5 cxd5 20. b3
Bg4 21. Rd3 Rfe8 22. Rxe8+ Rxe8 23. h3 Bxf3 24. Rxf3 Re1+ 25. Kh2 h6 26. Na4
Qc7 27. Qc5 Qxc5 28. dxc5 Ne4 29. Rf5 d4 30. Rd5 Rd1 31. f3 Nf6 32. Rd8+ Kh7
33. b4 Rd2 34. b5 d3 35. Nc3 Ng8 36. c6 bxc6 37. bxc6 Ne7 38. c7 Kg6 39. Nd5
1-0

[Event "Oberliga Ost B"]
[Site "?"]
[Date "2022.04.02"]
[Round "10.7"]
[White "Pichl, Michael"]
[Black "Tuzi, Bruna"]
[Result "0-1"]
[WhiteElo "2025"]
[BlackElo "2002"]
[PlyCount "134"]
[EventDate "2021.10.10"]
[EventType "team-tourn"]
[EventCountry "GER"]
[WhiteTeam "Erfurt SV Empor"]
[BlackTeam "Wiesbadener SV"]
[WhiteTeamCountry "GER"]
[BlackTeamCountry "GER"]

1. g3 d5 2. Nf3 c5 3. Bg2 Nc6 4. O-O Nf6 5. d3 e6 6. Nbd2 Be7 7. Re1 O-O 8. e4
dxe4 9. dxe4 e5 10. c3 Bg4 11. Qc2 h6 12. Nc4 Qc7 13. Ne3 Be6 14. Nf5 Rfe8 15.
N3h4 Bf8 16. Qe2 Ne7 17. Qf3 Nxf5 18. Nxf5 Bxf5 19. Qxf5 Qc8 20. Qf3 Qe6 21. h3
Red8 22. Bf1 Be7 23. Kh2 Nh7 24. h4 Qf6 25. Qe2 g5 26. hxg5 hxg5 27. Be3 Kg7
28. Qg4 Qh6+ 29. Kg2 Qb6 30. Bc4 Qg6 31. Rh1 Rh8 32. Rh3 Nf6 33. Qxg5 Rxh3 34.
Qxg6+ fxg6 35. Kxh3 Nxe4 36. Rd1 Nf6 37. g4 Rh8+ 38. Kg3 b6 39. g5 Ne4+ 40. Kg4
Bxg5 41. Rd7+ Kh6 42. Bxg5+ Nxg5 43. Rd1 Rf8 44. Rh1+ Kg7 45. Kxg5 Rf5+ 46. Kg4
Rf4+ 47. Kg3 Rxc4 48. Rd1 Ra4 49. a3 Rf4 50. Rd7+ Rf7 51. Rd5 Kf6 52. b4 cxb4
53. cxb4 Ke6 54. Rd8 Rc7 55. Rd3 Rc4 56. b5 Rd4 57. Rb3 Kf5 58. Rc3 e4 59. Rc8
Rd3+ 60. Kg2 e3 61. Rf8+ Kg5 62. Re8 exf2 63. Re5+ Kf4 64. Re2 f1=Q+ 65. Kxf1
Re3 66. Rb2 g5 67. Kg1 g4 0-1

[Event "Oberliga Ost B"]
[Site "?"]
[Date "2022.04.02"]
[Round "10.8"]
[White "Scheitz, Michael"]
[Black "Hoeche, Richard"]
[Result "1-0"]
[WhiteElo "2027"]
[BlackElo "1531"]
[PlyCount "57"]
[EventDate "2021.10.10"]
[EventType "team-tourn"]
[EventCountry "GER"]
[WhiteTeam "Wiesbadener SV"]
[BlackTeam "Erfurt SV Empor"]
[WhiteTeamCountry "GER"]
[BlackTeamCountry "GER"]

1. c4 e5 2. g3 f5 3. d4 e4 4. Nc3 Nf6 5. Bg5 Bb4 6. Qb3 Bxc3+ 7. Qxc3 h6 8. Bf4
d6 9. h4 Nbd7 10. Nh3 O-O 11. Bg2 d5 12. c5 Nh5 13. c6 Ndf6 14. cxb7 Bxb7 15.
O-O Nxf4 16. Nxf4 Qd6 17. Rfc1 Rac8 18. Qc5 Qxc5 19. Rxc5 Kf7 20. h5 Nd7 21.
Ra5 a6 22. Bh3 Kf6 23. Nxd5+ Kg5 24. Ne7 c5 25. Nxc8 Rxc8 26. Rc1 Kf6 27. dxc5
Ne5 28. c6 Ke6 29. Rxe5+ 1-0

[Event "Oberliga Ost B"]
[Site "?"]
[Date "2022.04.02"]
[Round "10.1"]
[White "Wehner, Janis"]
[Black "Grabarczyk, Bogdan"]
[Result "0-1"]
[WhiteElo "2135"]
[BlackElo "2380"]
[PlyCount "64"]
[EventDate "2021.10.10"]
[EventType "team-tourn"]
[EventCountry "GER"]
[WhiteTeam "Erfurt SV Medizin"]
[BlackTeam "Griesheim SV"]
[WhiteTeamCountry "GER"]
[BlackTeamCountry "GER"]

1. e4 c5 2. Nf3 e6 3. d4 cxd4 4. Nxd4 a6 5. Nc3 d6 6. g3 Nf6 7. Bg2 Be7 8. O-O
O-O 9. b3 Ra7 10. a4 b6 11. Bb2 Rc7 12. Qe2 Bb7 13. Rad1 Nbd7 14. g4 h6 15. f4
Nh7 16. e5 dxe5 17. fxe5 Bxg2 18. Qxg2 Qa8 19. Ne4 Ng5 20. Nxg5 Bxg5 21. Qxa8
Rxa8 22. c4 Nc5 23. Kf2 Bf4 24. Ne2 Bg5 25. Nd4 Rd8 26. Ke2 Rcd7 27. b4 Nxa4
28. Ba1 Rc7 29. Kd3 Rdc8 30. b5 axb5 31. Nxb5 Rd7+ 32. Bd4 Nb2+ 0-1

[Event "Oberliga Ost B"]
[Site "?"]
[Date "2022.04.02"]
[Round "10.2"]
[White "Spitzl, Vinzent"]
[Black "Nguyen, Huy Dat"]
[Result "1-0"]
[WhiteElo "2319"]
[BlackElo "2163"]
[PlyCount "89"]
[EventDate "2021.10.10"]
[EventType "team-tourn"]
[EventCountry "GER"]
[WhiteTeam "Griesheim SV"]
[BlackTeam "Erfurt SV Medizin"]
[WhiteTeamCountry "GER"]
[BlackTeamCountry "GER"]

{[%evp 0,8,28,18,100,51,56,32,48,37,96]} 1. e4 c5 2. Nf3 Nc6 3. d4 cxd4 4. Nxd4
g6 5. c4 Bg7 6. Be3 Nf6 7. Nc3 O-O 8. Be2 d6 9. O-O Bd7 10. Qd2 Nxd4 11. Bxd4
Bc6 12. f3 a5 13. b3 Nd7 14. Be3 Nc5 15. Rab1 Be5 16. Nb5 b6 17. Nd4 Bb7 18. a3
e6 19. g3 d5 20. b4 Nd7 21. exd5 exd5 22. c5 Re8 23. Rfc1 Nf6 24. cxb6 axb4 25.
a4 Nh5 26. Bb5 Rf8 27. Rxb4 Qf6 28. f4 Bd6 29. Rbb1 Qe7 30. Nc6 Qe4 31. Qd4 Qf3
32. Rf1 Qg4 33. Ne5 Qe6 34. Nd3 Rfc8 35. Rbe1 Ng7 36. Bc1 Qh3 37. Bb2 Bf8 38.
Rf2 h5 39. Rfe2 h4 40. Nf2 Qf5 41. g4 Qxg4+ 42. Nxg4 Bc5 43. Nf6+ Kh8 44. Qxc5
Rxc5 45. Ne8 1-0

[Event "Oberliga Ost B"]
[Site "?"]
[Date "2022.04.02"]
[Round "10.4"]
[White "Nothnagel, Holger"]
[Black "Grund, Sebastian"]
[Result "1-0"]
[WhiteElo "2318"]
[BlackElo "1867"]
[PlyCount "39"]
[EventDate "2021.10.10"]
[EventType "team-tourn"]
[EventCountry "GER"]
[WhiteTeam "Griesheim SV"]
[BlackTeam "Erfurt SV Medizin"]
[WhiteTeamCountry "GER"]
[BlackTeamCountry "GER"]

1. b3 Nf6 2. Bb2 d5 3. Nf3 g6 4. g3 Bg7 5. Bg2 O-O 6. O-O Bf5 7. c4 c6 8. d3
Qd7 9. Re1 Bh3 10. Bh1 Na6 11. Nbd2 Rad8 12. Rc1 Rfe8 13. Ne5 Qe6 14. Ndf3 Nd7
15. cxd5 cxd5 16. Ng5 Qf5 17. Nexf7 Bxb2 18. Nh6+ Kg7 19. Nxf5+ Bxf5 20. e4 1-0

[Event "Oberliga Ost B"]
[Site "?"]
[Date "2022.04.02"]
[Round "10.5"]
[White "Jakob, Matthias"]
[Black "Koehler, Ronald"]
[Result "1/2-1/2"]
[WhiteElo "2108"]
[BlackElo "2182"]
[PlyCount "60"]
[EventDate "2021.10.10"]
[EventType "team-tourn"]
[EventCountry "GER"]
[WhiteTeam "Erfurt SV Medizin"]
[BlackTeam "Griesheim SV"]
[WhiteTeamCountry "GER"]
[BlackTeamCountry "GER"]

1. d4 Nf6 2. Nc3 d5 3. Bf4 a6 4. e3 c5 5. Nf3 Bg4 6. Be2 e6 7. O-O Nc6 8. Ne5
Bxe2 9. Nxe2 Bd6 10. Nxc6 bxc6 11. dxc5 Bxc5 12. c4 O-O 13. Qc2 Bd6 14. Rfd1
Bxf4 15. Nxf4 Qe7 16. Qa4 Rfc8 17. Rac1 Qb7 18. Nd3 h6 19. h3 Ne4 20. b3 a5 21.
Rc2 Rd8 22. Rdc1 d4 23. exd4 Rxd4 24. Ne5 c5 25. Re2 Nf6 26. Rce1 Rd6 27. Qa3
a4 28. Qxc5 Rb6 29. Re3 axb3 30. axb3 Rxb3 1/2-1/2

[Event "Oberliga Ost B"]
[Site "?"]
[Date "2022.04.02"]
[Round "10.6"]
[White "Nothnagel, Markus"]
[Black "Nguyen, Ha Thanh"]
[Result "1/2-1/2"]
[WhiteElo "2202"]
[BlackElo "1960"]
[PlyCount "106"]
[EventDate "2021.10.10"]
[EventType "team-tourn"]
[EventCountry "GER"]
[WhiteTeam "Griesheim SV"]
[BlackTeam "Erfurt SV Medizin"]
[WhiteTeamCountry "GER"]
[BlackTeamCountry "GER"]

1. b3 d5 2. Bb2 Nf6 3. e3 c5 4. f4 a6 5. Nf3 Nc6 6. g3 Bf5 7. d3 h5 8. Bg2 e6
9. Qe2 Be7 10. O-O Qb6 11. Nbd2 c4 12. dxc4 Bxc2 13. cxd5 exd5 14. Nd4 Nb4 15.
Nxc2 Nxc2 16. Nc4 dxc4 17. Qxc2 cxb3 18. Qxb3 Qxb3 19. axb3 O-O 20. Bxb7 Rab8
21. Bxa6 Rxb3 22. Bd4 Ne4 23. Bc4 Rb4 24. Bd5 Nf6 25. Bf3 Rfb8 26. Ra7 Bd8 27.
Bxf6 Bxf6 28. Bxh5 R4b7 29. Rxb7 Rxb7 30. Re1 Bc3 31. Re2 Kf8 32. Rc2 Rb1+ 33.
Kf2 Rb2 34. Bd1 Rxc2+ 35. Bxc2 Ke7 36. Kf3 Bd2 37. Bb3 Be1 38. Bc4 Bd2 39. h4
Be1 40. h5 f6 41. g4 Bh4 42. Ke4 Bf2 43. Bb3 Kf8 44. g5 fxg5 45. fxg5 Bh4 46.
Kf5 Bf2 47. e4 Be3 48. Kg6 Bf4 49. Kf5 Be3 50. e5 Bd2 51. h6 gxh6 52. g6 Bg5
53. Ke6 Bh4 1/2-1/2

[Event "Oberliga Ost B"]
[Site "?"]
[Date "2022.04.02"]
[Round "10.7"]
[White "Kirschbaum, Gunnar"]
[Black "Hahn, Werner"]
[Result "1/2-1/2"]
[WhiteElo "2041"]
[BlackElo "2177"]
[PlyCount "67"]
[EventDate "2021.10.10"]
[EventType "team-tourn"]
[EventCountry "GER"]
[WhiteTeam "Erfurt SV Medizin"]
[BlackTeam "Griesheim SV"]
[WhiteTeamCountry "GER"]
[BlackTeamCountry "GER"]

1. d4 Nf6 2. c4 g6 3. Nc3 Bg7 4. e4 d6 5. f4 O-O 6. Nf3 Na6 7. Be2 e5 8. fxe5
dxe5 9. d5 Nc5 10. Bg5 h6 11. Bxf6 Bxf6 12. b4 Na6 13. a3 c5 14. dxc6 bxc6 15.
Qxd8 Rxd8 16. O-O Nc7 17. Rad1 Be6 18. Rxd8+ Rxd8 19. Rd1 Rxd1+ 20. Nxd1 Kf8
21. Ne3 Bg7 22. c5 f5 23. Bd3 f4 24. Nc4 Bxc4 25. Bxc4 Ke7 26. Kf2 Kf6 27. Nd2
Nb5 28. Bxb5 cxb5 29. Nb1 Ke6 30. Nc3 a6 31. Nd5 Kd7 32. Kf3 h5 33. h3 Bf8 34.
Ke2 1/2-1/2

[Event "Oberliga Ost B"]
[Site "?"]
[Date "2022.04.02"]
[Round "10.8"]
[White "Allmann, Thorsten"]
[Black "Reichel, Norbert"]
[Result "1/2-1/2"]
[WhiteElo "2117"]
[BlackElo "2071"]
[PlyCount "153"]
[EventDate "2021.10.10"]
[EventType "team-tourn"]
[EventCountry "GER"]
[WhiteTeam "Griesheim SV"]
[BlackTeam "Erfurt SV Medizin"]
[WhiteTeamCountry "GER"]
[BlackTeamCountry "GER"]

1. d4 Nf6 2. Bf4 g6 3. Nc3 d5 4. e3 Bg7 5. h4 h5 6. Be2 c6 7. Nf3 Bg4 8. Ne5
Bxe2 9. Qxe2 Nfd7 10. O-O-O Nxe5 11. Bxe5 Bxe5 12. dxe5 Qc7 13. f4 e6 14. e4
Na6 15. Rh3 O-O-O 16. exd5 exd5 17. Nxd5 Qa5 18. Ra3 Qc5 19. Rc3 Qa5 20. Qc4
Kb8 21. Ne3 Qc7 22. Rcd3 Rxd3 23. Qxd3 Nc5 24. Qc4 Ne6 25. g3 Qa5 26. a3 Rd8
27. Qb4 Qa6 28. Rxd8+ Nxd8 29. Qd6+ Kc8 30. Kd2 Qb6 31. b3 Qa5+ 32. Qb4 Qc7 33.
Nc4 Qd7+ 34. Qd6 Qh3 35. Qd3 Qg2+ 36. Kc3 Qf2 37. Qe3 Qf1 38. Qxa7 Qe1+ 39. Kb2
Qxg3 40. Nd6+ Kc7 41. Ne8+ Kc8 42. Qa8+ Kd7 43. Nf6+ Kc7 44. Qa5+ Kc8 45. Qd2
Qh3 46. Qd6 Qe6 47. Qd4 Kc7 48. a4 b6 49. b4 Nb7 50. Ne4 Qe7 51. Ng5 c5 52. Qc4
f6 53. Qf7 Qxf7 54. Nxf7 cxb4 55. exf6 Nc5 56. Ne5 Kd6 57. f7 Ke7 58. f8=Q+
Kxf8 59. Nxg6+ Kf7 60. f5 Kf6 61. Nf4 Kxf5 62. Nxh5 Kg4 63. Nf6+ Kxh4 64. Nd5
Nxa4+ 65. Kb3 Nc5+ 66. Kxb4 Kg5 67. Nxb6 Ne4 68. Kc4 Kf5 69. Kd4 Nd6 70. Kd5
Ne4 71. Nc8 Nf6+ 72. Kd6 Ne4+ 73. Kc6 Ke5 74. c4 Nd2 75. c5 Ne4 76. Nb6 Nxc5
77. Kxc5 1/2-1/2

[Event "Oberliga Ost B"]
[Site "?"]
[Date "2022.04.02"]
[Round "10.1"]
[White "Sadeghi, Behrang"]
[Black "Hoffmann, Tim"]
[Result "1/2-1/2"]
[WhiteElo "2256"]
[BlackElo "2148"]
[PlyCount "99"]
[EventDate "2021.10.10"]
[EventType "team-tourn"]
[EventCountry "GER"]
[WhiteTeam "Homburg Bad SK"]
[BlackTeam "Gera ESV"]
[WhiteTeamCountry "GER"]
[BlackTeamCountry "GER"]

1. e4 c5 2. Nf3 d6 3. d4 cxd4 4. Nxd4 Nf6 5. Nc3 a6 6. f3 e5 7. Nb3 Be6 8. Be3
Be7 9. Qd2 h5 10. h4 Nbd7 11. Be2 b5 12. a3 Nc5 13. Nxc5 dxc5 14. Qxd8+ Rxd8
15. O-O Kd7 16. Rfd1+ Kc6 17. Rxd8 Rxd8 18. Rd1 c4 19. Rxd8 Bxd8 20. g3 a5 21.
b4 axb4 22. axb4 Be7 23. Na2 Nd7 24. Bf1 g6 25. c3 Nb6 26. Kf2 Na4 27. Bc1 Kd6
28. Be3 f5 29. Ke1 f4 30. gxf4 Bxh4+ 31. Kd2 Bg3 32. fxe5+ Kxe5 33. Bd4+ Kd6
34. Nc1 Bf4+ 35. Kc2 Be5 36. Ne2 Bxd4 37. Nxd4 Bd7 38. f4 Nb6 39. Bg2 Nc8 40.
e5+ Kc7 41. Be4 Ne7 42. Kd2 Kb6 43. Ke3 Bf5 44. Nxf5 gxf5 45. Bf3 h4 46. Bg2
Kc7 47. Kd4 Ng6 48. Ke3 Ne7 49. Kd4 Ng6 50. Ke3 1/2-1/2

[Event "Oberliga Ost B"]
[Site "?"]
[Date "2022.04.02"]
[Round "10.2"]
[White "Mueller, Magnus"]
[Black "Dunsbach, Ralf"]
[Result "1/2-1/2"]
[WhiteElo "1975"]
[BlackElo "2146"]
[PlyCount "36"]
[EventDate "2021.10.10"]
[EventType "team-tourn"]
[EventCountry "GER"]
[WhiteTeam "Gera ESV"]
[BlackTeam "Homburg Bad SK"]
[WhiteTeamCountry "GER"]
[BlackTeamCountry "GER"]

1. b3 e5 2. Bb2 Nc6 3. e3 Nf6 4. c4 d5 5. cxd5 Nxd5 6. a3 Bd6 7. d3 O-O 8. Nf3
Be6 9. Nbd2 Nb6 10. Qc2 Qe7 11. g3 Rad8 12. Bg2 f6 13. O-O a5 14. Nc4 Nxc4 15.
bxc4 Bc5 16. Rfd1 e4 17. dxe4 Rxd1+ 18. Rxd1 Bxa3 1/2-1/2

[Event "Oberliga Ost B"]
[Site "?"]
[Date "2022.04.02"]
[Round "10.3"]
[White "Schmidt, Walter"]
[Black "Schubert, Nikita"]
[Result "0-1"]
[WhiteElo "2229"]
[BlackElo "1922"]
[PlyCount "114"]
[EventDate "2021.10.10"]
[EventType "team-tourn"]
[EventCountry "GER"]
[WhiteTeam "Homburg Bad SK"]
[BlackTeam "Gera ESV"]
[WhiteTeamCountry "GER"]
[BlackTeamCountry "GER"]

1. e4 e5 2. Nf3 Nc6 3. Bb5 a6 4. Ba4 Nf6 5. O-O Be7 6. Re1 b5 7. Bb3 O-O 8. h3
Bb7 9. d3 d6 10. a3 Nb8 11. Nbd2 Nbd7 12. Nf1 c5 13. Ng3 Qc7 14. Qe2 Rfe8 15.
Ng5 d5 16. exd5 Nxd5 17. Nf5 Bf8 18. Ne4 N7f6 19. Bd2 Qc6 20. f3 Rac8 21. Kh1
Nh5 22. Qf2 Qg6 23. Ne3 Ndf4 24. Nf1 Rc7 25. Nfg3 Bc8 26. Nxh5 Nxh5 27. Ba5
Rce7 28. Nxc5 Nf4 29. Ne4 Kh8 30. Qg3 Qc6 31. Bd2 f5 32. Nc3 Nh5 33. Qg5 Nf6
34. Re2 h6 35. Qh4 Kh7 36. Rae1 f4 37. Ne4 Nxe4 38. Rxe4 Bf5 39. R4e2 g5 40.
Qf2 Bg7 41. Bb4 Rc7 42. Rd1 h5 43. Qe1 g4 44. Qf2 gxh3 45. gxh3 Bxh3 46. Kh2
Bf5 47. Rde1 Bf6 48. d4 Rg7 49. dxe5 Bd8 50. Rd1 Rg3 51. Rd6 Qb7 52. Rf6 Rh3+
53. Kg1 Bxf6 54. exf6 Rg3+ 55. Kh1 Rxf3 56. Qg2 Rf1+ 57. Kh2 Rxe2 0-1

[Event "Oberliga Ost B"]
[Site "?"]
[Date "2022.04.02"]
[Round "10.4"]
[White "Liebold, Aaron"]
[Black "Kaliski, Erwin"]
[Result "0-1"]
[WhiteElo "1976"]
[BlackElo "2178"]
[PlyCount "118"]
[EventDate "2021.10.10"]
[EventType "team-tourn"]
[EventCountry "GER"]
[WhiteTeam "Gera ESV"]
[BlackTeam "Homburg Bad SK"]
[WhiteTeamCountry "GER"]
[BlackTeamCountry "GER"]

1. e4 e6 2. c4 d5 3. exd5 exd5 4. cxd5 Qxd5 5. Nc3 Qa5 6. Bc4 Nc6 7. Nge2 Nf6
8. O-O Bd6 9. Ng3 O-O 10. d4 Bg4 11. f3 Bh5 12. Be3 Rad8 13. Bf2 Bxg3 14. hxg3
Nxd4 15. Qc1 Bg6 16. Qf4 c5 17. Rad1 Nc6 18. g4 Qb4 19. a3 Qxb2 20. Na4 Qe5 21.
Qxe5 Nxe5 22. Bxc5 Nxc4 23. Bxf8 Rxf8 24. Ra1 b5 25. Nc3 a6 26. Rfd1 h6 27. Rd4
Rc8 28. Kf2 Na5 29. Nd5 Rc2+ 30. Kg3 Nxd5 31. Rxd5 Nc4 32. Re1 Ra2 33. Re8+ Kh7
34. Rdd8 Bc2 35. Re7 Rxa3 36. Rxf7 Rd3 37. Ra8 Nd6 38. Re7 Rd5 39. Rxa6 b4 40.
Rb6 Nc8 41. Rxg7+ Kxg7 42. Rxb4 Nd6 43. Rb8 Rd2 44. Ra8 Bd3 45. Ra1 Kg6 46. Re1
Kf6 47. Rh1 Nf7 48. Rc1 Ne5 49. Rh1 Kg6 50. Re1 Nc4 51. Re6+ Kg7 52. Re1 Kf6
53. Kh3 Be2 54. Kh4 Ne3 55. Kh3 Ke5 56. Kg3 Kd4 57. Rh1 Bf1 58. Rxh6 Rxg2+ 59.
Kf4 Nd5+ 0-1

[Event "Oberliga Ost B"]
[Site "?"]
[Date "2022.04.02"]
[Round "10.5"]
[White "Lenz, Jonas"]
[Black "Puschendorf, Steffen"]
[Result "1/2-1/2"]
[WhiteElo "2099"]
[BlackElo "2146"]
[PlyCount "118"]
[EventDate "2021.10.10"]
[EventType "team-tourn"]
[EventCountry "GER"]
[WhiteTeam "Homburg Bad SK"]
[BlackTeam "Gera ESV"]
[WhiteTeamCountry "GER"]
[BlackTeamCountry "GER"]

1. d4 d5 2. c4 e6 3. Nf3 Nf6 4. g3 c6 5. Bg2 Bb4+ 6. Bd2 Bd6 7. Qc2 Ne4 8. Nc3
f5 9. O-O O-O 10. Rab1 Nd7 11. b4 Ndf6 12. c5 Bc7 13. Bf4 Bxf4 14. gxf4 Nxc3
15. Qxc3 Ne4 16. Qe3 Bd7 17. Ne5 Be8 18. a4 a6 19. Rb3 Kh8 20. Kh1 Qh4 21. Nf3
Qe7 22. Rg1 Bh5 23. Ne5 Qh4 24. Bxe4 fxe4 25. Qg3 Qxg3 26. fxg3 Bxe2 27. Re1
Bh5 28. b5 axb5 29. axb5 g5 30. Nd7 Rfd8 31. bxc6 bxc6 32. Ne5 gxf4 33. gxf4
Ra2 34. Rh3 Be8 35. Rb1 Rda8 36. Rb7 Ra1+ 37. Kg2 R8a2+ 38. Kg3 Ra3+ 39. Kh4
Rxh3+ 40. Kxh3 Kg8 41. Re7 Kf8 42. Rxe6 e3 43. Kg2 e2 44. Nf3 Bh5 45. Rxe2 Ra3
46. Rf2 Rd3 47. Ne5 Rxd4 48. Nxc6 Rc4 49. Ne5 Rc3 50. Rd2 Ke7 51. Rxd5 Ke6 52.
Rd7 Bg6 53. Rd6+ Kf5 54. Nxg6 hxg6 55. c6 Kxf4 56. Rxg6 Rc2+ 57. Kh3 Kf5 58.
Rd6 Kf4 59. Re6 Kf5 1/2-1/2

[Event "Oberliga Ost B"]
[Site "?"]
[Date "2022.04.02"]
[Round "10.6"]
[White "Glaessl, Matthias"]
[Black "Haucke, Alexander"]
[Result "1-0"]
[WhiteElo "2164"]
[BlackElo "2227"]
[PlyCount "111"]
[EventDate "2021.10.10"]
[EventType "team-tourn"]
[EventCountry "GER"]
[WhiteTeam "Gera ESV"]
[BlackTeam "Homburg Bad SK"]
[WhiteTeamCountry "GER"]
[BlackTeamCountry "GER"]

1. e4 c5 2. Nf3 d6 3. Bb5+ Nc6 4. O-O Bd7 5. d4 cxd4 6. Nxd4 Nf6 7. Nc3 g6 8.
Be3 Bg7 9. f3 O-O 10. Qd2 a6 11. Be2 Rc8 12. Nxc6 Bxc6 13. Nd5 Nxd5 14. exd5
Bd7 15. c3 b5 16. Rac1 Qa5 17. a3 Rb8 18. Rfe1 Bf6 19. Bf1 Rb7 20. Bd4 Bxd4+
21. Qxd4 Re8 22. Kh1 Qa4 23. Qd2 Qh4 24. Re4 Qf6 25. Rce1 Bf5 26. Rd4 Bd7 27.
Qh6 a5 28. Rh4 Qg7 29. Qg5 Bf5 30. Qd2 Qf6 31. Rd4 Reb8 32. g4 Bc8 33. Kg2 Rc7
34. Rf4 Qg5 35. Kg3 Qh6 36. h4 Qg7 37. Rd4 h6 38. Qe3 Kf8 39. Bd3 b4 40. axb4
axb4 41. cxb4 e5 42. dxe6 Bxe6 43. Qf4 Kg8 44. Rxd6 g5 45. hxg5 hxg5 46. Qe4
Qh8 47. Rxe6 fxe6 48. Qxe6+ Rf7 49. Bc4 Qg7 50. Qxf7+ Qxf7 51. Bxf7+ Kxf7 52.
Re4 Kf6 53. f4 gxf4+ 54. Kxf4 Rb5 55. Ke3 Rb8 56. Kd3 1-0

[Event "Oberliga Ost B"]
[Site "?"]
[Date "2022.04.02"]
[Round "10.7"]
[White "Kaiser, Richard"]
[Black "Hilbig, Dieter"]
[Result "1-0"]
[WhiteElo "2117"]
[BlackElo "1979"]
[PlyCount "53"]
[EventDate "2021.10.10"]
[EventType "team-tourn"]
[EventCountry "GER"]
[WhiteTeam "Homburg Bad SK"]
[BlackTeam "Gera ESV"]
[WhiteTeamCountry "GER"]
[BlackTeamCountry "GER"]

1. g3 d5 2. Bg2 Nf6 3. Nf3 g6 4. O-O Bg7 5. c4 c6 6. d4 O-O 7. Nc3 Re8 8. Qb3
Nh5 9. cxd5 cxd5 10. Qxd5 Qc7 11. Rd1 Nc6 12. Qc4 e6 13. e4 Qe7 14. e5 Bh8 15.
Ne4 f5 16. Nd6 Rf8 17. Bg5 Qd7 18. Rac1 Ng7 19. b4 a6 20. Qc5 Ne8 21. Nc4 Rb8
22. Nb6 Qf7 23. a4 Bd7 24. b5 axb5 25. axb5 Nd8 26. Be7 Bg7 27. Nxd7 1-0